00392nam a2200121Ia 4500100001600000942000700016654001500023245004800038260003000086546001200116999001700128952012500145 aNoyes J.L.  cBK aartificial aArtificial intelligence with Common List bGalgotiaaNew Delhic1993 aENGLISH c25961d25961 001040708CRCaCRCEbCRCEc1518 | 39d2023-03-17eglobal booksg150.00l0o p6521r2023-03-17v150.00w2023-03-17yBK